Spell the Marvel Character #299 - Statistics

General Stats
  • This quiz has been taken 13 times
  • The average score is 9 of 13
Answer Stats
Picture Answer % Correct
Thing
100%
Ironheart
91%
Elektra
82%
X-23
82%
Elsa Bloodstone
73%
Red Wolf
64%
Songbird
64%
Texas Twister
64%
Thena
64%
Thunderbird
64%
Aurora
55%
Wind Dancer
55%
Shooting Star
36%
No matching quizzes found
Score Distribution
Percent of People with Each Score
Percentile by Number Answered
Your Score History
You have not taken this quiz